| 000 | 00737nam a2200217 a 4500 | ||
|---|---|---|---|
| 001 | 12800 | ||
| 003 | BD-JhCC | ||
| 005 | 20240909132934.0 | ||
| 008 | 230513s2022 b |||| |||| 000 0 bg d | ||
| 020 | _a97898494262 | ||
| 035 | _a(BD-JhCC)12800 | ||
| 040 |
_aBD-JhCC _dBD-JhCC |
||
| 041 | _aeng | ||
| 082 |
_a891.4435 _bMUH 2022 |
||
| 100 | _aমোহাম্মদ, মহিউদ্দিন | ||
| 245 |
_aআধুনিক গরু-রচনাসমগ্র / _cমহিউদ্দিন মোহাম্মদ |
||
| 260 |
_aঢাকা : _bজ্ঞানকোষ প্রকাশনী, _c২০২২ |
||
| 300 |
_a২২৩ পৃ. : _c২১ সেমি. |
||
| 650 | _aBengali Short Story | ||
| 942 |
_2ddc _cBK |
||
| 999 |
_c12800 _d12800 |
||